Let God Sort Em Out - Clipse - Statistics

General Stats
  • This quiz has been taken 15 times
  • The average score is 11 of 13
Answer Stats
Songs Plays Artists % Correct
The Birds Don’t Sing 14,461,518 Pusha T, No Malice, John Legend, Voices of Fire
100%
F.I.C.O. 13,009,803 Pusha T, No Malice, Stove God Cooks
93%
Let God Sort Em Out/Chandeliers 8,559,201 Pusha T, No Malice, Nas
93%
M.T.B.T.T.F. 14,861,811 Pusha T, No Malice
93%
P.O.V 22,411,967 Pusha T, No Malice, Tyler, The Creator
93%
Chains & Whips 30,007,141 Pusha T, No Malice, Kendrick Lamar
86%
So Be It 24,741,397 Pusha T, No Malice
86%
Ace Trumpets 23,544,043 Pusha T, No Malice
79%
E.B.I.T.D.A. 10,759,140 Pusha T, No Malice, Pharrell Williams
79%
Inglorious Bastards 8,946,384 Pusha T, No Malice, Ab Liva
79%
By the Grace of God 7,178,846 Pusha T, No Malice, Pharrell Williams
71%
So Far Ahead 8,969,735 Pusha T, No Malice, Pharrell Williams
71%
All Things Considered 11,936,082 Pusha T, No Malice, The-Dream, Pharrell Williams
64%
No matching quizzes found
Score Distribution
Percent of People with Each Score
Percentile by Number Answered
Your Score History
You have not taken this quiz